000 nam a22 a 4500
999 _c124102
_d124102
003 BLK
005 20211013100706.0
008 180409b bul|||||r ||||||| ||bul||
010 _aKNG00129765000
040 _aBLK
041 _aBUL
_cBUL
080 _aКлинична фармакология. Прилагане на лекарства - Пътища и методи на въвеждане на лекарства, показания, неоправдан прием на лекарства, увлечение по вземане на лекарства, клинично изучаване на нови
_b615.03
_z615.03
100 1 _aАрнаудов, Георги Димитров
_eпърви автор
_9280587
139 _aАрнаудов, Георги Димитров
_bА 87
245 1 0 _aЛекарствена терапия
_cГеорги Димитров Арнаудов
250 _a3. прераб. и доп. изд.
257 _aBGR
260 _aСофия
_bМедицина и физкултура
_c1957
300 _aХIV, 1028 с.
_c21 см
380 _a61
500 _a1. изд. 1942 със загл. Практическа лекарствена терапия с рецептурен сб. изд. на печ. Хр. Г. Данов - София.
650 4 _aФармакотерапия
_9175157
650 4 _aЛекарствени средства
_9280590
653 _aфармакотерапия
852 _aЦб 6847
_bО
856 4 _qpdf
856 4 _qpdf
942 _cKNG
_n0
_s1
944 _aCR
_c18.04.2012
_l18.04.2012 - от С1,Р / 18.04.2012
_kЛюдмила_Стоянова
944 _aED
_c2021-10-13
_l2021-10-13
_kК.Д.
999 _d124102